000 01333nam a2200373 i 4500
001 197023
003 ES-MaACL
005 20250813063347.0
008 241216s1999 sp | ||| ||spa
016 7 _abimoBNE19995608830
_2SpMaBN
017 _aB 6491-1999
_bOficina Depósito Legal Barcelona
020 _a8422676362
035 _a(OCoLC)433017594
035 _a(SpMaBN)bimo0001305534
040 _aSpMaBN
_bspa
_cSpMaBN
_erdc
080 _a821.111(94)-31"19"
100 1 _aWest, Morris L.
_9116550
_eaut
240 1 0 _aEminence
_lEspañol
245 1 0 _aEminencia /
_cMorris West ; traducción de Fernando Mateo.
260 _aBarcelona :
_bCírculo de Lectores,
_c[1999].
300 _a318 páginas ;
_c22 cm
336 _2rdacontent
_atexto
337 _2rdamedia
_asin mediación
338 _2rdacarrier
_avolumen
594 _aTraducción de: Eminence
655 0 _9234319
_aNovelas
852 _aES-MaACL
_cDEPOJ
_jN-10418
_hDonación: José Lázaro García
_xEncuadernación cartoné con sobrecubiertas
_9206541
903 _9234219
_aLázaro García, José
_ednr
942 _cMONOGRAFIA
_n0
999 _c197023
_d197023